00316pab a2200121 454500008004000000100001900040245004900059260000900108300001300117362001100130650001900141773003400160180718b2010 xxu||||| |||| 00| 0 eng d aJayadev, Arjun aFinancial reform in the US: a brief overview c2010 ap.17-19. a10 Jul aPublic finance aEconomic and Political Weekly